|
|
|
|
| LEADER |
02623nam a2200493 a 4500 |
| 001 |
EBC476208 |
| 003 |
MiAaPQ |
| 005 |
20200520144314.0 |
| 006 |
m o d | |
| 007 |
cr cn||||||||| |
| 008 |
090625s2010 dcuab sb i001 0 eng |
| 010 |
|
|
|z 2009025406
|
| 015 |
|
|
|a GBA991217
|2 bnb
|
| 016 |
7 |
|
|z 015371502
|2 Uk
|
| 020 |
|
|
|z 9780821380413 (pbk.)
|
| 020 |
|
|
|z 0821380419 (pbk.)
|
| 020 |
|
|
|a 9780821380833 (electronic bk.)
|
| 020 |
|
|
|a 0821380834 (electronic bk.)
|
| 035 |
|
|
|a (MiAaPQ)EBC476208
|
| 035 |
|
|
|a (Au-PeEL)EBL476208
|
| 035 |
|
|
|a (CaPaEBR)ebr10356793
|
| 035 |
|
|
|a (CaONFJC)MIL245072
|
| 035 |
|
|
|a (OCoLC)536301151
|
| 040 |
|
|
|a MiAaPQ
|c MiAaPQ
|d MiAaPQ
|
| 043 |
|
|
|a f------
|
| 050 |
|
4 |
|a HC800.Z9
|b C324 2010
|
| 082 |
0 |
4 |
|a 363.6096
|2 22
|
| 245 |
0 |
0 |
|a Africa's infrastructure
|h [electronic resource] :
|b a time for transformation /
|c Vivien Foster and Cecilia Briceno-Garmendia, editors.
|
| 260 |
|
|
|a Washington, DC :
|b Agence Francaise de Developpement :
|b World Bank,
|c c2010.
|
| 300 |
|
|
|a xxii, 355 p. :
|b ill., maps.
|
| 490 |
1 |
|
|a Africa development forum
|
| 500 |
|
|
|a "Presents the findings of the Africa Infrastructure Country Diagnostic (AICD)"--P. [4] of cover.
|
| 504 |
|
|
|a Includes bibliographical references and index.
|
| 505 |
0 |
|
|a Africa's infrastructure : a time for transformation -- The Africa Infrastructure Country Diagnostic -- Meeting Africa's infrastructure needs -- Closing Africa's funding gap -- Dealing with poverty and inequality -- Building sound institutions -- Facilitating urbanization -- Deepening regional integration -- Information and communication technologies : a boost for growth -- Power : catching up -- Transport : more than the sum of its parts -- Roads : broadening the agenda -- Railways : looking for traffic -- Ports and shipping : landlords needed -- Airports and air transport : the sky's the limit -- Water resources : a common interest -- Irrigation : tapping potential -- Water supply : hitting the target? -- Sanitation : moving up the ladder.
|
| 533 |
|
|
|a Electronic reproduction. Ann Arbor, MI : ProQuest, 2015. Available via World Wide Web. Access may be limited to ProQuest affiliated libraries.
|
| 650 |
|
0 |
|a Infrastructure (Economics)
|z Africa.
|
| 655 |
|
4 |
|a Electronic books.
|
| 700 |
1 |
|
|a Foster, Vivien,
|d 1968-
|
| 700 |
1 |
|
|a Briceno-Garmendia, Cecilia.
|
| 710 |
2 |
|
|a World Bank.
|
| 710 |
2 |
|
|a Africa Infrastructure Country Diagnostic.
|
| 710 |
2 |
|
|a ProQuest (Firm)
|
| 830 |
|
0 |
|a Africa development forum.
|
| 856 |
4 |
0 |
|u https://ebookcentral.proquest.com/lib/matrademy/detail.action?docID=476208
|z Click to View
|